Contabilidad introductoria y básica (Registro nro. 1408)
[ vista simple ]
| 000 -LEADER | |
|---|---|
| fixed length control field | 01903 a2200229 4500 |
| 001 - CONTROL NUMBER | |
| control field | 25625 |
| 005 - DATE AND TIME OF LATEST TRANSACTION | |
| control field | 20260407155540.0 |
| 008 - FIXED-LENGTH DATA ELEMENTS--GENERAL INFORMATION | |
| fixed length control field | 260407a1984 arg spa d |
| 003 - CONTROL NUMBER IDENTIFIER | |
| control field | AR-UNSa-BCEJYS |
| 040 ## - CATALOGING SOURCE | |
| Original cataloging agency | AR-UNSa-BCEJYS |
| Language of cataloging | spa |
| Transcribing agency | AR-UNSa-BCEJYS |
| 080 ## - UNIVERSAL DECIMAL CLASSIFICATION NUMBER | |
| Universal Decimal Classification number | 657 |
| Common auxiliary subdivision | Contabilidad |
| 020 ## - INTERNATIONAL STANDARD BOOK NUMBER | |
| International Standard Book Number | 950-537-026-3 |
| 100 1# - MAIN ENTRY--PERSONAL NAME | |
| Personal name | Senderovich, Isaac Aizik |
| 245 10 - TITLE STATEMENT | |
| Title | Contabilidad introductoria y básica |
| Name of part/section of a work | teoría y casos prácticos |
| 250 ## - EDITION STATEMENT | |
| Edition statement | 2a. ed |
| 264 #1 - PRODUCTION, PUBLICATION, DISTRIBUTION, MANUFACTURE, AND COPYRIGHT NOTICE | |
| Place of production, publication, distribution, manufacture | Buenos Aires : |
| Name of producer, publisher, distributor, manufacturer | Ediciones Macchi |
| Date of production, publication, distribution, manufacture, or copyright notice | 1984 |
| 300 ## - PHYSICAL DESCRIPTION | |
| Extent | 548 p. |
| Dimensions | 22 cm. |
| 505 ## - FORMATTED CONTENTS NOTE | |
| Formatted contents note | Parte I : Aspectos introductorios : 1. Definiciones de la contabilidad - 2. Lineamientos generales del proceso contable - 3. El proceso contable, ejercicios introductorios de aplicación - Parte II . El modelo contable información histórica : 4. Normas Contables - 5. Principios de contabilidad generalmente aceptados - 6. Revaluo contable ley 19.742 - Parte III : Registraciones del balance general estado de resultados : 7. Disponibilidades - 8. Inversiones - 9. Credítos - 10. Bienes de cambio - 11. Bienes de uso - 12. Bienes inmateriales y cargos diferidos (intangibles) - 13. Deudas - 14. Previsiones - 15. Patrimonio neto - Parte IV : Exposición.Balance general y estado de resultados : 16. Lineamientos generales de las normas de exposición - 17. Exposición del balance general - 18. Exposición del estado de resultados - 19. Estado de evolución del patrimonio neto y estado de resultados acumulados - Parte V : Caso práctico.resumen : 20. Balance general y estado de resultados - Parte VI : Registraciones del ajuste por inflación y valores corrientes: 21. Registración del ajuste por inflación - 22. Registracion de valores corrientes. |
| 590 ## - LOCAL NOTE (RLIN) | |
| Local note | niveau_biblio:m niveau_hierar:0 |
| 856 41 - ELECTRONIC LOCATION AND ACCESS | |
| Uniform Resource Identifier | <a href="https://biblioeco.unsa.edu.ar/pmb/images/libros/Contabilidad Introductoria y Basica.jpg">https://biblioeco.unsa.edu.ar/pmb/images/libros/Contabilidad Introductoria y Basica.jpg</a> |
| Link text | Imagen de portada |
| Electronic format type | image/jpeg |
| 942 ## - ADDED ENTRY ELEMENTS (KOHA) | |
| Koha item type | |
| Withdrawn status | Lost status | Damaged status | Not for loan | Home library | Current library | Shelving location | Date acquired | Total checkouts | Full call number | Barcode | Date last seen | Price effective from | Koha item type |
|---|---|---|---|---|---|---|---|---|---|---|---|---|---|
| Biblioteca Prof. Eusebio Cleto del Rey | Biblioteca Prof. Eusebio Cleto del Rey | 07/04/2026 | 657 S475 2ed. | L53354 | 07/04/2026 | 07/04/2026 | Libro | ||||||
| Biblioteca Prof. Eusebio Cleto del Rey | Biblioteca Prof. Eusebio Cleto del Rey | 07/04/2026 | 657 S475 2ed. | L45927 | 07/04/2026 | 07/04/2026 | Libro | ||||||
| Biblioteca Prof. Eusebio Cleto del Rey | Biblioteca Prof. Eusebio Cleto del Rey | 07/04/2026 | 657 S475 2ed. | L53356 | 07/04/2026 | 07/04/2026 | Libro | ||||||
| Biblioteca Prof. Eusebio Cleto del Rey | Biblioteca Prof. Eusebio Cleto del Rey | 07/04/2026 | 657 S475 2ed. | L53355 | 07/04/2026 | 07/04/2026 | Libro |